| 000 | 00931nam a2200241 a 4500 | ||
|---|---|---|---|
| 001 | 1594 | ||
| 003 | BR-CuiBMT | ||
| 005 | 20231216202914.0 | ||
| 008 | 231128s2010 mtba s000 0 por d | ||
| 040 |
_aBR-CuiBMT _cBR-CuiBMT |
||
| 080 |
_a351.94:336.148 _x(817.2) _x(047) _22007 |
||
| 090 |
_dTCE/MT _a351.94:336.148(817.2)(047) _bM433r |
||
| 110 | 1 |
_aMato Grosso. _bTribunal de Contas. |
|
| 245 | 1 | 0 |
_aRelatório de resultados 2010 : _bgestão 2010/2011 / _cTribunal de Contas do Estado de Mato Grosso ; conselheiro Valter Albano, presidente. |
| 260 |
_aCuiabá : _bTCE-MT, _c[2010]. |
||
| 300 |
_a44 p. ; _bil. color. ; _c30 cm |
||
| 610 | 1 |
_aMato Grosso. _bTribunal de Contas _xResultados de gestão _y2010-2011 |
|
| 650 |
_aControle externo _xRelatórios _zMato Grosso |
||
| 650 |
_aContas governamentais _zMato Grosso |
||
| 650 |
_aAdministração pública _xSupervisão _zMato Grosso |
||
| 700 | 1 | _aAlbano, Valter | |
| 942 |
_2udc _cLV |
||
| 999 |
_c1594 _d1594 |
||